| 000 | 00605nam a2200241Ia 4500 | ||
|---|---|---|---|
| 008 | 180523s9999 xx 000 0 und d | ||
| 020 | _a978-0-471-74918-9 | ||
| 050 | _aMAIN G 550 | ||
| 050 | _b.D53 2008 | ||
| 100 | _aDickinson, Bob. | ||
| 245 | 0 | _aSelling the sea : | |
| 245 | 3 | _ban inside look at the cruise industry / | |
| 245 | 0 | _cBob Dickinson. | |
| 250 | _a2nd Edition | ||
| 260 | _aAustralia : | ||
| 260 | _bJohn Wiley & Sons, | ||
| 260 | _c2008 | ||
| 300 | _a340 pages : | ||
| 300 | _c24 cm. | ||
| 500 | _aIncludes index. | ||
| 650 | _aOcean travel. | ||
| 650 | _xCruise ships. | ||
| 999 |
_c356674 _d356674 |
||